000 00347pab a2200145 454500
008 180718b1986 xxu||||| |||| 00| 0 eng d
100 _aSah, A.K.
245 _aTransfer of professional management to cooperatives
260 _c1986
300 _a108-14
362 _aNov.
650 _aManagement
773 _aKhadi Gramodyog
909 _a13066
999 _c13066
_d13066